| 000 | 00582nam a22001575i 4500 | ||
|---|---|---|---|
| 001 | 171603 | ||
| 003 | ES-MaACL | ||
| 005 | 20230906214656.0 | ||
| 008 | 090522s1978 sp |||| | spa d | ||
| 100 | 1 |
_aSolchaga Loitegui, Jesús. _9140282 |
|
| 245 | 1 | 3 |
_aEl crédito cooperativo _b: conferencia... 17 de junio 1977... / _cJesús Solchaga Loitegui. |
| 260 |
_aMadrid : _bDirección General de lo Contencioso del Estado, _c1978. |
||
| 300 |
_a37 p. ; _c24 cm. |
||
| 710 | 2 |
_aEspaña. _bDirección General de lo Contencioso del Estado. _93750 |
|
| 852 |
_aES-MaACL _j2112-F-6 _9R.99003 |
||
| 999 |
_c171603 _d171603 |
||